EDSA 2 : a nation in revolt : a photographic journal (Record no. 8001)

MARC details
000 -LEADER
fixed length control field 00477nam a22001697a 4500
003 - CONTROL NUMBER IDENTIFIER
control field OSt
005 - DATE AND TIME OF LATEST TRANSACTION
control field 20260305002415.0
008 - FIXED-LENGTH DATA ELEMENTS--GENERAL INFORMATION
fixed length control field 260129b |||||||| |||| 00| 0 eng d
020 ## - INTERNATIONAL STANDARD BOOK NUMBER
International Standard Book Number 971-27-1088-2
040 ## - CATALOGING SOURCE
Original cataloging agency DWCL-Main Lib
Transcribing agency OC
082 ## - DEWEY DECIMAL CLASSIFICATION NUMBER
Classification number SC.816 C822e 2001
100 ## - MAIN ENTRY--PERSONAL NAME
Personal name Coronel, Shiela S.
245 ## - TITLE STATEMENT
Title EDSA 2 : a nation in revolt : a photographic journal
260 ## - PUBLICATION, DISTRIBUTION, ETC.
Place of publication, distribution, etc. Pasig City :
Name of publisher, distributor, etc. Anvil pub.,
Date of publication, distribution, etc. c2001
300 ## - PHYSICAL DESCRIPTION
Extent vii,
Other physical details 232 p. :
Dimensions 28 cm.
942 ## - ADDED ENTRY ELEMENTS (KOHA)
Source of classification or shelving scheme Dewey Decimal Classification
Koha item type Special Collection
Call number suffix SC.
Suppress in OPAC No
952 ## - LOCATION AND ITEM INFORMATION (KOHA)
--
Holdings
Withdrawn status Lost status Source of classification or shelving scheme Damaged status Not for loan Home library Current library Shelving location Date acquired Source of acquisition Total Checkouts Full call number Barcode Date last seen Copy number Price effective from Koha item type Uniform Resource Identifier
    Dewey Decimal Classification     Junior High School Library Junior High School Library Special Collection 06/01/2011 Library Fund   GR. 816 C822e 2001 JHS - 15855 01/29/2026 c1 01/29/2026 SC